000
00341nam a2200145Ia 4500
008
150201s2010 xx 000 0 und d
082
_a
617.313
_b
D2010N
100
_a
NELSON
245
_a
WHEELERS DENTAL ANATOMY
250
_a
9TH
260
_b
ELSEVIER
_a
DELHI
_c
2010
300
_a
1-365
650
_a
DENTAL ANATOMY
942
_2
ddc
_c
BK
_0
120
999
_c
4516
_d
4516